Somebody help me! (Record no. 12752)

000 -LEADER
fixed length control field 00602nam a2200205 a 4500
001 - CONTROL NUMBER
control field :::00010566$&:&@@
003 - CONTROL NUMBER IDENTIFIER
control field OkBaRHE
005 - DATE AND TIME OF LATEST TRANSACTION
control field 20000607103400.0
008 - FIXED-LENGTH DATA ELEMENTS--GENERAL INFORMATION
fixed length control field s1983 j 000 0 eng u
040 ## - CATALOGING SOURCE
Transcribing agency
100 1# - MAIN ENTRY--PERSONAL NAME
Personal name Robison, James.
245 10 - TITLE STATEMENT
Title Somebody help me!
260 ## - PUBLICATION, DISTRIBUTION, ETC. (IMPRINT)
Place of publication, distribution, etc Fort Worth, TX., :
Name of publisher, distributor, etc James Robison Evangelistic Association
Date of publication, distribution, etc c1983
300 ## - PHYSICAL DESCRIPTION
Extent 56 p. ;
Dimensions 22 cm.
650 ## - SUBJECT ADDED ENTRY--TOPICAL TERM
Topical term or geographic name as entry element Christian Life
650 ## - SUBJECT ADDED ENTRY--TOPICAL TERM
Topical term or geographic name as entry element Freedom (Theology)
650 ## - SUBJECT ADDED ENTRY--TOPICAL TERM
Topical term or geographic name as entry element Healing
942 ## - ADDED ENTRY ELEMENTS (KOHA)
Source of classification or shelving scheme
Koha item type Books
Copies
Permanent Location Damaged status Barcode Not for loan Lost status Withdrawn status Date acquired Copy number Shelving location Koha item type Full call number Price effective from Date last seen Source of classification or shelving scheme
RHEMA Bible Training College 10566   2010-04-141General StacksBooksBV 4501 .R62010-04-142010-04-14